| 000 | 00693nam a22001337a 4500 | ||
|---|---|---|---|
| 040 | _cRUA | ||
| 082 | _aVEM SOK 2018 B654 Or.1 | ||
| 100 | _aSOK SREYNY សុខ ស្រីនី | ||
| 245 | _agastrointestinal hook worm of goats raised in household at oudong disrict, kampong speu province ព្រូនទំពក់ក្នុងពោះវៀនពពែរចិញ្ចឹមជាលក្ខណៈគ្រួសារនៅស្រុកឧដុង ខេត្តកំពងស្ពឺ | ||
| 260 |
_aRUA _bPhnom penh _c2018 |
||
| 300 |
_aviii;26p _bill; _c29cm |
||
| 856 | _uhttps://drive.google.com/file/d/1H_JZHNSia1chX08th-pK8FPeWMiSDY9I/view?usp=sharing | ||
| 942 | _cAVM | ||
| 999 |
_c18517 _d18517 |
||